Estadísticas para Países más cercanos a Camboya

Haz click aquí para intentar la prueba.

Estadísticas generales

  • Esta prueba ha sido intentada 26 veces
  • La puntuación promedio es 18 de 20

Estadísticas de respuestas

kmpaís% Correcto
773China
100%
1090India
100%
768Indonesia
100%
0Laos
100%
2060Nepal
100%
0Tailandia
100%
0Vietnam
100%
1141Filipinas
95%
405Malasia
95%
324Myanmar
95%
1606Taiwán
95%
1330Bangladés
90%
1111Brunéi
90%
2789Corea del Sur
90%
2337Sri Lanka
90%
1805Bután
86%
998Singapur
86%
1943Japón
81%
2988Timor-Leste
81%
3001Palaos
29%

Distribución de puntuación

Porcentaje por número respondido

Porcentaje de gente con cada puntuación

Historial de tus puntuaciones

No has intentado esta prueba.